¿Puede funcionar una economía controlada? (Registro nro. 25468)

Detalles MARC
000 -LEADER
fixed length control field 00321 a2200109 4500
001 - CONTROL NUMBER
control field ART_11325
005 - DATE AND TIME OF LATEST TRANSACTION
control field 20260410161856.0
008 - FIXED-LENGTH DATA ELEMENTS--GENERAL INFORMATION
fixed length control field 260409a
100 1# - MAIN ENTRY--PERSONAL NAME
Personal name Friedman, Milton
245 10 - TITLE STATEMENT
Title ¿Puede funcionar una economía controlada?
773 0# - HOST ITEM ENTRY
Title Revista de Economía
Related parts - Nº 34 (sep. 1982)
Record control number REV11077

No hay ítems disponibles.